书目信息 |
| 题名: |
村料学方法论的应用:拾贝与贝雕
|
|
| 作者: | 肖纪美 著 | |
| 分册: | ||
| 出版信息: | 北京 冶金工业出版社 2000.04 |
|
| 页数: | 299页 | |
| 开本: | 32开 | |
| 丛书名: | ||
| 单 册: | ||
| 中图分类: | TB3-03 | |
| 科图分类: | ||
| 主题词: | 工程材料 | |
| 电子资源: | ||
| ISBN: | 7-5024-2542-X | |
| 000 | 00588nam0 2200193 45 | |
| 001 | 0010231774 | |
| 005 | 20001023172546.0 | |
| 010 | @a7-5024-2542-X@d25.00元 | |
| 100 | @a20001023d2000 km y0chiy0120 ea | |
| 101 | 0 | @achi |
| 105 | @a z 000yy | |
| 200 | 1 | @a村料学方法论的应用:拾贝与贝雕@ACun Liao Xue Fang Fa Lun De Ying Yong:Shi Bei Yu Bei Diao@f肖纪美著@FXiao Ji Mei Zhu |
| 210 | @a北京@c冶金工业出版社@d2000.04 | |
| 215 | @a299页@d32开 | |
| 606 | 0 | @a工程材料 |
| 690 | @aTB3-03@v3 | |
| 701 | 0 | @a肖纪美@4著 |
| 801 | @aCN@bPftUser@c20001023 | |
| 905 | @b184330-334@dTB3-03@eX503@f5 | |
| 村料学方法论的应用:拾贝与贝雕/肖纪美著.-北京:冶金工业出版社,2000.04 |
| 299页;32开 |
| ISBN 7-5024-2542-X:25.00元 |
| ● |
| 相关链接 |
|
|
|
正题名:村料学方法论的应用:拾贝与贝雕
索取号:TB3-03/X503
 
预约/预借
| 序号 | 登录号 | 条形码 | 馆藏地/架位号 | 状态 | 备注 |
| 1 | 184330 | 201843309 | 自科二线504/504自科库 19排2列3层/ [索取号:TB3-03/X503] | 在馆 | |
| 2 | 184331 | 201843318 | 自科二线504/504自科库 11排4列4层/ [索取号:TB3-03/X503] | 在馆 | |
| 3 | 184332 | 201843327 | 自科二线504/504自科库 11排4列4层/ [索取号:TB3-03/X503] | 在馆 | |
| 4 | 184333 | 201843336 | 自科二线504/504自科库 11排4列4层/ [索取号:TB3-03/X503] | 在馆 | |
| 5 | 184334 | 201843345 | 自科二线504/504自科库 11排4列4层/ [索取号:TB3-03/X503] | 在馆 |